Представление документа в формате RUSMARC

ПолеНазваниеЗначение
  Тип записи a
  Библиографический уровень m
001 Контрольный номер RU\NLR\BIBL_A\010745864
005 Дата корректировки 20201206205014.1
010 Индекс ISBN __
a ISBN 978-5-699-72020-0 (в пер.)
d Цена 867-90
021 № государственной регистрации __
b № документа 2015-21391
100 Данные общей обработки __
a Данные общей обработки 19160719d2015||||||| 0rusy0189 ca
101 Язык документа 1_
a Язык текста rus
c Язык оригинала eng
102 Страна публикации __
a Страна публикации RU|
105 Кодированные данные (монография) __
a Кодированные данные (монография) a|||||||000zy
200 Заглавие и сведения об ответственности 1_
a Заглавие Как стать художником-иллюстратором
e Сведения, относящиеся к заглавию [12+]
f Первые сведения об ответственности Даррел Риз ; [перевод с английского И. Наумовой]
b Общее обозначение материала Текст
205 Сведения об издании __
a Основные сведения об издании 2-е изд.
210 Выходные данные __
a Место издания Москва
c Издательство Эксмо
d Дата издания 2015
215 Физическое описание __
a Объем 167, [1] с.
c Иллюстрации/тип воспроизводства цв. ил., факс.
d Формат 27 см
225 Серия __
a Серия Британская высшая школа дизайна рекомендует
225 Серия __
a Серия Подарочные издания. Дизайн
300 Общие примечания __
a Общие примечания 2000 экз.
300 Общие примечания __
a Общие примечания В вып. дан.: 6+
330 Аннотация __
a Аннотация Книга "Профессия: художник-иллюстратор" - это обширное собрание полезных советов, которые помогут начинающему иллюстратору пройти весь путь от простого любителя до профессионального художника. Издание станет настольной книгой для всех, кто хочет узнать все аспекты профессии иллюстратора: от ошибок, которые ожидают молодого художника при подготовке портфолио и на собеседовании, до тонкостей общения с издательскими домами, выставления счетов и обустройства собственной мастерской.
333 Примечание о целевом назначении __
a Примечание о целевом назначении 12+. Для детей старше 12 лет
512 Заглавие обложки __
a Заглавие обложки Профессия: художник-иллюстратор
606 Тематические рубрики __
a Основная рубрика Изобразительное искусство и архитектура
606 Тематические рубрики __
a Основная рубрика Виды и жанры графики
610 Ключевые слова __
a Ключевые слова иллюстрации
a Ключевые слова иллюстрирование
a Ключевые слова профессии
a Ключевые слова профессия художника
a Ключевые слова художники-иллюстраторы
686 Индексы других классификаций __
2 Код системы rubbks
a Классификационный индекс 85.154.7; ст85.15
700 Автор _1
a Фамилия Риз
b Имя Д.
g Полное личное имя Даррел
4 Код отношения 070
702 Вторичная интеллектуальная ответственность _1
a Фамилия Наумова
b Имя И.
4 Код отношения Переводчик
4 Код отношения 730
801 Источник записи _0
a Страна RU
b Организация Муниципальное бюджетное учреждение культуры "Централизованная библиотечная система" г. Сургут (Центральная городская библиотека им. А. С. Пушкина)
c Дата составления 20160719
g Правила каталогизации КиК/Котельникова
801 Источник записи _1
a Страна RU
b Организация Муниципальное бюджетное учреждение культуры "Централизованная библиотечная система" г. Сургут (Центральная городская библиотека им. А. С. Пушкина)
c Дата составления 20160719
g Правила каталогизации КиК/Котельникова
852 Данные о местонахождении __
j Шифр хранения 85.154.7
i Авторский знак Р 49
901 Тип документа __
t Тип документа m
903 Характеристики (МАРС) __
a Дата передачи 20160719
990 Данные о заказе (DOS) __
j Количество экземпляров (DOS) 12
t N записи в КСУ для И/У (DOS) 201607